[Event "CZE-chT2"]
[Site "?"]
[Date "1995.??.??"]
[Round "?"]
[White "Seifert, Milan"]
[Black "Pribyl, Josef"]
[Result "0-1"]
[WhiteElo "2265"]
[BlackElo "2390"]

1.e4 g6 2.d4 Bg7 3.Nc3 c5 4.d5 d6 5.Be2 Nf6 6.Bg5 O-O 7.Qd2 a6 8.a4 Qa5 9.Ra3 e6
10.Nf3 exd5 11.exd5 Nbd7 12.O-O Re8 13.Re1 Qc7 14.a5 Rb8 15.Bf1 Rxe1 16.Qxe1 h6
17.Bd2 Nf8 18.Qc1 Kh7 19.Ra4 Bg4 20.Be2 Re8 21.Ng5+ hxg5 22.Bxg4 Nxg4 23.Rxg4 Qxa5
24.h4 Kg8 25.Rxg5 b5 26.Rg3 b4 27.Nd1 Qa2 28.b3 Re4 29.h5 Qa3 30.Ne3 Qxc1+
31.Bxc1 Be5 32.Rh3 Nd7 33.hxg6 fxg6 34.Kf1 Bc3 35.Rg3 Kf7 36.Rg4 Re5 37.f3 Nb6
38.Re4 Rh5 39.Rf4+ Kg7 40.Ke2 Nxd5 41.Nxd5 Rxd5 42.Re4 Kf6 43.Rf4+ Rf5 44.Rh4 Re5+
45.Kd3 Re1 46.Be3 a5 47.Rg4 Be5 48.Bf2 Rd1+ 49.Ke2 Ra1 50.Bh4+ Kf7 51.Re4 a4
52.bxa4 Rxa4 53.f4 Bf6 54.Bxf6 Kxf6 55.g4 Ra2 56.Kd3 Ra3+ 57.Kc4 Rc3+ 58.Kd5 Rxc2
59.Kxd6 b3 60.Re6+ Kf7 61.Re7+ Kf8 62.Rb7 c4 63.Ke6 b2 64.g5 Re2+ 65.Kf6 c3
66.f5 Re1 67.Rb8+ Re8 68.Rb7 Rc8  0-1

[Event "Debrecen op"]
[Site "Debrecen"]
[Date "1995.??.??"]
[Round "3"]
[White "Kanyadi, Zoltan"]
[Black "Mester, Gyula"]
[Result "0-1"]
[WhiteElo "2045"]
[BlackElo "2340"]

1.e4 g6 2.d4 Bg7 3.Nc3 c5 4.Nge2 cxd4 5.Nxd4 Nc6 6.Be3 Nf6 7.Bc4 O-O 8.O-O a6
9.Bb3 d6 10.h3 Na5 11.Qd3 b5 12.Rad1 Bb7 13.a3 Rc8 14.Rfe1 Nd7 15.Bd5 e6
16.Bxb7 Nxb7 17.f4 Nb6 18.Bc1 Nc5 19.Qf3 Qh4 20.Kh1 Bxd4  0-1

[Event "Frydek-Mistek op-B"]
[Site "Frydek-Mistek"]
[Date "1995.??.??"]
[Round "?"]
[White "Horvath"]
[Black "Shurygin, Sergey"]
[Result "1/2-1/2"]
[WhiteElo "2195"]
[BlackElo "2295"]

1.e4 g6 2.d4 Bg7 3.Nc3 c5 4.Be3 Nc6 5.dxc5 Qa5 6.Qd2 Nf6 7.f3 O-O 8.Bd3 Rd8
9.Nge2 d5 10.cxd6 Rxd6 11.Nb5 Qxd2+ 12.Bxd2 Rd8 13.Bc3 e5 14.a4 a6 15.Na3 Be6
16.O-O Rac8 17.b3 Bxb3 18.Rfb1 Bxa4 19.Rxb7 Nd4 20.Bxd4 exd4 21.Rb4 Be8 22.Rb6 Rc6
23.Rab1 Rxb6 24.Rxb6 a5 25.Ra6 a4 26.Bb5 Bf8 27.Bxe8 Nxe8 28.Rxa4 d3 29.cxd3 Rxd3
30.Nc2 Bc5+ 31.Kf1 Rd1+ 32.Ne1 Nc7 33.Rc4 Ne6 34.Rc1 Rd2 35.Rc2 Rd1 36.Rc1 Rd2
37.Rc2  1/2-1/2

[Event "Arnold Cup"]
[Site "Gausdal"]
[Date "1995.??.??"]
[Round "9"]
[White "Cherniaev, Alexander"]
[Black "Elsness, Frode"]
[Result "1/2-1/2"]
[WhiteElo "2450"]
[BlackElo "2250"]

1.e4 g6 2.d4 Bg7 3.Nc3 a6 4.f4 b5 5.Nf3 Bb7 6.a3 d6 7.Be3 Nd7 8.Bd3 c5 9.dxc5 Nxc5
10.O-O Bxc3 11.bxc3 Nxe4 12.Bxe4 Bxe4 13.Ng5 Nf6 14.Nxe4 Nxe4 15.Qd4 Nf6
16.f5 Rc8 17.Bh6 Rc4 18.Qa7 Nd5 19.Kh1 Qc8 20.Rad1 Nxc3 21.Rde1 Nd5 22.Rd1 Nc3
23.Rxd6 gxf5 24.Rxa6 Rg8 25.Rb6 Qd8 26.Re1 Rc7 27.Rb7 Rxb7 28.Qxb7 Rg6 29.Bd2 Ne4
30.Bb4 Kf8 31.h3 Qe8 32.Kh2 Re6 33.Rf1 Re5 34.Rf4 f6 35.Qc7 Qg6 36.Rf3 Qg8
37.Kg1 Qe6 38.Kh2 Kf7 39.Qd8 Kg7 40.Rd3 Ng5 41.Rd7 Qc4 42.Rxe7+ Nf7 43.Qd3 Qxd3
44.cxd3 Rd5 45.Rb7 Kg6 46.Rb6 Ne5 47.d4 Nd7 48.Rb7 f4 49.g4 h5 50.gxh5+ Kxh5
51.Bc3 Kg5 52.Kg2 Kf5 53.Kf3 Nf8 54.Bb2 Ne6 55.h4 Nxd4+ 56.Bxd4 Rxd4 57.Rxb5+ Kg6
58.Ra5 Rc4 59.Kg4 f3+ 60.Kg3 Rc3 61.a4 Ra3 62.Ra7 Kh5 63.a5 Kg6 64.Ra8 f2+
65.Kxf2 Kh5 66.Ke2 Kxh4  1/2-1/2

[Event "BL2-S9495"]
[Site "Germany"]
[Date "1995.??.??"]
[Round "?"]
[White "Hillermann, Vinzenz"]
[Black "Reinhardt, Bernd"]
[Result "0-1"]
[WhiteElo "2255"]
[BlackElo "2235"]

1.e4 g6 2.d4 Bg7 3.Nc3 c5 4.Nf3 cxd4 5.Nxd4 Nc6 6.Nxc6 bxc6 7.Bc4 Qa5 8.Qf3 Nf6
9.O-O O-O 10.Qe2 d5 11.Bd3 dxe4 12.Nxe4 Nxe4 13.Qxe4 Bf5 14.Qxc6 Bxd3 15.cxd3 Rab8
16.Qe4 e6 17.Qe2 Rfc8 18.Rd1 Bd4 19.a3 Rb3 20.Rb1 Rcb8 21.g3 Qd5 22.Qe4 R8b5
23.Qxd5 Rxd5 24.Kf1 Rdb5 25.Ke2 Bxb2 26.Bxb2 Rxb2+ 27.Rxb2 Rxb2+ 28.Rd2 Rb3
29.Ra2 Kf8 30.Kd2 a5 31.a4 Ke7 32.Rc2 Rb4 33.Rc7+ Kf6 34.Rc4 Rxc4 35.dxc4 Ke5
36.Kc3 Kd6 37.f4 Kc5 38.Kd3 f6 39.Kc3 e5 40.fxe5 fxe5 41.Kd3 e4+ 42.Kxe4 Kxc4
43.h4 Kb4  0-1

[Event "Hessenliga"]
[Site "Germany"]
[Date "1995.??.??"]
[Round "?"]
[White "Marzoll, Wolfgang"]
[Black "Mueller, Achim"]
[Result "1-0"]
[WhiteElo "2360"]
[BlackElo "2240"]

1.e4 g6 2.d4 Bg7 3.Nc3 a6 4.Be3 b5 5.a3 d6 6.Qd2 Bb7 7.Nf3 Nd7 8.Rd1 Rc8
9.Bd3 c5 10.O-O Qc7 11.d5 Rb8 12.h3 Bc8 13.Rfe1 Qa5 14.Ra1 h6 15.Bf4 Qc7
16.g4 Ne5 17.Nxe5 dxe5 18.Bg3 g5 19.Bf1 Qd6 20.Nd1 Nf6 21.f3 O-O 22.Ne3 Rd8
23.c4 Ne8 24.Rac1 b4 25.a4 Nc7 26.b3 Ne6 27.Nf5 Qc7 28.h4 Nf4 29.Nxg7 Kxg7
30.hxg5 hxg5 31.Qe3 Bd7 32.Rc2 Rh8 33.Rh2 Qd6 34.Rxh8 Rxh8 35.Bg2 Qh6 36.Bxf4 gxf4
37.Qxc5 Qh2+ 38.Kf1 Qh4 39.Qf2 Qf6 40.c5 e6 41.c6 Bc8 42.d6 a5 43.Qa7  1-0

[Event "HUN-chT1"]
[Site "HUN"]
[Date "1995.??.??"]
[Round "?"]
[White "Csapo, Zoltan"]
[Black "Kincs, Imre"]
[Result "1-0"]
[WhiteElo "2290"]
[BlackElo "2230"]

1.e4 g6 2.d4 Bg7 3.Nc3 a6 4.Bg5 h6 5.Be3 b5 6.f3 Bb7 7.Nge2 d6 8.Qd2 Nd7
9.h4 b4 10.Na4 a5 11.h5 Bc6 12.b3 Bxa4 13.bxa4 Nb6 14.hxg6 fxg6 15.Nf4 Kf7
16.a3 c5 17.Nd5 e6 18.Nxb6 Qxb6 19.Rd1 Ne7 20.Bb5 Rad8 21.axb4 axb4 22.O-O Nc6
23.d5 Nd4 24.dxe6+ Ke7 25.Bc4 Qc6 26.Qd3 Qxa4 27.c3 Nc2 28.e5 Bxe5 29.Qxg6 Rdf8
30.Bxh6 Qe8 31.Bg5+  1-0

[Event "Katowice op"]
[Site "Katowice"]
[Date "1995.??.??"]
[Round "1"]
[White "Pedzich, Dominik"]
[Black "Waniek, Erwin"]
[Result "1-0"]
[WhiteElo "2410"]
[BlackElo "2055"]

1.e4 g6 2.d4 Bg7 3.Nc3 c5 4.Nf3 cxd4 5.Nxd4 Nc6 6.Be3 d6 7.Be2 Nf6 8.O-O O-O
9.Nb3 a6 10.f4 b5 11.Bf3 e5 12.f5 Bb7 13.g4 Ne8 14.a4 b4 15.Nd5 a5 16.Rf2 g5
17.Qd2 f6 18.Be2 Ba6 19.Bb5 Bxb5 20.axb5 Nd4 21.Bxd4 exd4 22.Nxd4 Rf7 23.Nc6 Qd7
24.Nb6 Qb7 25.Nxa8 Qxa8 26.Rxa5 Qb7 27.Qd5 Nc7 28.Qxf7+  1-0

[Event "Platonov mem"]
[Site "Kiev"]
[Date "1995.??.??"]
[Round "8"]
[White "Baklan, Vladimir"]
[Black "Nikolaevsky, Yuri V"]
[Result "1-0"]
[WhiteElo "2490"]
[BlackElo "2405"]

1.e4 g6 2.d4 Bg7 3.Nc3 a6 4.Be3 b5 5.Qd2 Bb7 6.f3 d6 7.h4 Nd7 8.a4 b4 9.Nd1 c5
10.c3 bxc3 11.bxc3 Qa5 12.h5 gxh5 13.Ne2 e6 14.Nb2 cxd4 15.cxd4 Qxd2+ 16.Kxd2 d5
17.e5 Ne7 18.Rxh5 Nc6 19.Bh6 Bxh6+ 20.Rxh6 Na5 21.Rb1 Ke7 22.f4 Bc6 23.f5 Rhb8
24.fxe6 fxe6 25.Rxh7+ Ke8 26.Nf4 Nf8 27.Rh8 Ke7 28.Bd3 Nb3+ 29.Ke3 Nxd4 30.Kxd4 Rb4+
31.Ke3 Rab8 32.Ng6+ Nxg6 33.Rxb8 d4+ 34.Kd2 Rxb8 35.Bxg6 Rg8 36.Bd3 Rxg2+
37.Be2 Be4 38.Rf1 Kd7 39.Rf4 Bd5 40.Rxd4 Kc6 41.Nd3  1-0

[Event "New York Marshall"]
[Site "New York"]
[Date "1995.??.??"]
[Round "3"]
[White "Sokolin, Leonid M"]
[Black "Hergott, Deen"]
[Result "1-0"]
[WhiteElo "2465"]
[BlackElo "2480"]

1.d4 g6 2.Nc3 Bg7 3.e4 c5 4.d5 d6 5.Bb5+ Bd7 6.a4 Na6 7.f4 Nc7 8.Bc4 a6 9.a5 Bb5
10.Qd3 Bxc4 11.Qxc4 Nf6 12.Nf3 O-O 13.O-O Rb8 14.f5 b6 15.axb6 Rxb6 16.Ng5 Rb4
17.Qd3 h6 18.Nh3 Rd4 19.Qg3 Nb5 20.fxg6 Nxc3 21.bxc3 Nxe4 22.Qe1 Nxc3 23.gxf7+ Rxf7
24.Rxf7 Kxf7 25.Qe6+ Kf8 26.Bxh6 Bxh6 27.Qxh6+ Ke8 28.Ng5 Rxd5 29.Rf1 Kd7
30.Qh3+ Kc6 31.Nf7 Qa5 32.Qc8+ Kb5 33.Qd7+ Kb4 34.Qxe7 Qb5  1-0

[Event "North Bay op"]
[Site "North Bay"]
[Date "1995.??.??"]
[Round "4"]
[White "Livshits, Ron"]
[Black "Day, Lawrence A"]
[Result "1/2-1/2"]
[WhiteElo "2365"]
[BlackElo "2380"]

1.e4 g6 2.d4 Bg7 3.Nc3 c5 4.d5 d6 5.Nf3 Nf6 6.Be2 O-O 7.O-O Na6 8.Re1 Nc7
9.a4 b6 10.Bf4 Bb7 11.Bc4 Qd7 12.Qd3 Rad8 13.Rad1 a6 14.h3 Qc8 15.Qe3 Rfe8
16.Bh6 e5 17.dxe6 Nxe6 18.Bxg7 Kxg7 19.Nd5 Bxd5 20.Bxd5 Nxd5 21.exd5 Nc7
22.Qc3+ Kg8 23.Qd2  1/2-1/2

[Event "Polanica Zdroj op"]
[Site "Polanica Zdroj"]
[Date "1995.??.??"]
[Round "2"]
[White "Stypka, Mieczyslaw"]
[Black "Staniszewski, Piotr"]
[Result "1/2-1/2"]
[WhiteElo "2235"]
[BlackElo "2405"]

1.e4 g6 2.d4 Bg7 3.Nc3 d5 4.Nxd5 c6 5.Ne3 Qxd4 6.Qxd4 Bxd4 7.Nf3 Bg7 8.Bc4 Nd7
9.O-O Nc5 10.Ng5 Nh6 11.Rb1 f6 12.b4 Na4 13.Ne6 Bxe6 14.Bxe6 Nc3 15.Rb3 Ne2+
16.Kh1 Nd4 17.Bd7+ Kxd7 18.Rd3 f5 19.Bb2 fxe4 20.Bxd4 exd3 21.Bxg7 Nf5 22.Bxh8 Nxe3
23.fxe3 Rxh8 24.Rd1 c5 25.Rxd3+ Kc6 26.Rc3 b6 27.Kg1 Rd8 28.Kf2 Rd2+ 29.Kf3 Kb5
30.bxc5 bxc5 31.Rb3+ Kc4 32.Ra3 Rxc2 33.Rxa7 h5 34.Rxe7 Rxa2 35.h4 Kb5 36.Rb7+ Ka4
37.e4 c4 38.e5 c3 39.e6 c2 40.e7 Ra3+ 41.Kf2 Re3 42.Rc7 Rxe7 43.Rxc2 Re4
44.g3 Kb5 45.Kf3 Rg4 46.Rc8 Kb6 47.Rf8 g5 48.Rg8 gxh4 49.Rxg4 hxg4+ 50.Kxg4 hxg3
51.Kxg3  1/2-1/2

[Event "POR-ch"]
[Site "POR"]
[Date "1995.??.??"]
[Round "9"]
[White "Reis, Luis Sousa"]
[Black "Silva, Fernando"]
[Result "0-1"]
[WhiteElo "2175"]
[BlackElo "2335"]

1.d4 g6 2.e4 Bg7 3.Nc3 c5 4.Be3 Qa5 5.Qd2 cxd4 6.Bxd4 Nf6 7.e5 Ng4 8.Nb5 Qxd2+
9.Kxd2 Nc6 10.c3 Nxd4 11.cxd4 Nxf2 12.Nc7+ Kd8 13.Nxa8 Nxh1 14.Nh3 d6 15.Ke3 Bxh3
16.gxh3 dxe5 17.d5 Kd7 18.Bb5+ Kd6 19.Nc7 Kxc7 20.Rxh1 Kd6 21.b3 Rc8 22.Bc4 b5
23.Bxb5 Rc3+ 24.Bd3 f5 25.Kd2 e4  0-1

[Event "CZE Tschechien-ch"]
[Site "Prague"]
[Date "1995.??.??"]
[Round "?"]
[White "Malivanek, Jiri"]
[Black "Pribyl, Josef"]
[Result "1/2-1/2"]
[WhiteElo "2155"]
[BlackElo "2405"]

1.e4 g6 2.d4 Bg7 3.Nc3 c5 4.Nf3 cxd4 5.Nxd4 Nc6 6.Be3 Nf6 7.Be2 O-O 8.O-O d5
9.exd5 Nxd5 10.Nxd5 Nxd4 11.Bxd4 Qxd5 12.Bxg7 Qxd1 13.Rfxd1 Kxg7 14.Rd2 Be6
15.Bf3 Rac8 16.c3 Rc7 17.Rad1 Kf6 18.Bd5 Rd8 19.Bxe6 Rxd2 20.Rxd2 Kxe6 21.Kf1 Rc5
22.Rd4 h5 23.Ke2 g5 24.c4 Rc6 25.Kd3 h4 26.Rd5 f6 27.Kc3 Rd6 28.Kd4  1/2-1/2

[Event "CZE Moravia-ch"]
[Site "Prerov"]
[Date "1995.??.??"]
[Round "9"]
[White "Talla, Vladimir"]
[Black "Lys, Josef"]
[Result "1-0"]
[WhiteElo "2240"]
[BlackElo "2295"]

1.e4 g6 2.d4 Bg7 3.Nc3 a6 4.a4 b6 5.Nf3 Bb7 6.Be2 d6 7.Be3 Nd7 8.O-O e5 9.dxe5 dxe5
10.Nd2 Ne7 11.f3 O-O 12.a5 b5 13.Nb3 Re8 14.Nc5 Nxc5 15.Bxc5 Nc6 16.Nb1 Nd4
17.Nd2 Qg5 18.Nb3 Rad8 19.Nxd4 exd4 20.b4 Be5 21.Qe1 Bf4 22.Ra3 Qe5 23.g3 Be3+
24.Rxe3 dxe3 25.Bxe3 f5 26.c3 fxe4 27.f4 Qe6 28.g4 Rd3 29.Bd4 Rxd4 30.cxd4 Rd8
31.Qc3 Qd6 32.f5 Qxd4+ 33.Qxd4 Rxd4 34.Rc1 c6 35.fxg6 hxg6 36.Kf2 Kf7 37.Rd1 Rxd1
38.Bxd1 Ke6 39.h4 Kd6 40.h5 gxh5 41.gxh5 Bc8 42.Ke3 Bf5 43.Kd4 Bh7 44.Bg4 Kc7
45.Bh3 Kd6 46.h6 e3 47.Bg4 Bg8 48.Be2 Bh7 49.Bd3 Bg8 50.Kxe3 c5 51.h7 Bxh7
52.Bxh7 cxb4 53.Kd4  1-0

[Event "Ringsted op"]
[Site "Ringsted"]
[Date "1995.??.??"]
[Round "6"]
[White "Greger, Roland"]
[Black "Pedersen, Jan"]
[Result "1-0"]
[WhiteElo "2275"]
[BlackElo "2340"]

1.e4 g6 2.d4 Bg7 3.Nc3 Nc6 4.d5 Nb8 5.h4 h5 6.Be3 d6 7.Qd2 c5 8.Nf3 Qa5 9.Ng5 a6
10.Be2 Nd7 11.O-O Ngf6 12.f4 Nh7 13.Nh3 b5 14.a4 b4 15.Nd1 Ndf6 16.Nhf2 Ng4
17.Nxg4 hxg4 18.g3 f5 19.e5 O-O 20.Bc4 Ra7 21.h5 gxh5 22.Qh2 Qd8 23.Qxh5 Qe8
24.Qh4 Qg6 25.Nf2 Qh6 26.Qxh6 Bxh6 27.Nd3 a5 28.Nxc5 Rc7 29.b3 Rxc5 30.Bxc5 dxc5
31.Rad1 Kf7 32.d6+ Be6 33.dxe7  1-0

[Event "RUS Army-ch"]
[Site "RUS"]
[Date "1995.??.??"]
[Round "?"]
[White "Mukhametov, Eldar"]
[Black "Cherniaev, Alexander"]
[Result "1-0"]
[WhiteElo "2515"]
[BlackElo "2450"]

1.e4 g6 2.d4 Bg7 3.Nc3 a6 4.f4 b5 5.Nf3 b4 6.Nb1 Bb7 7.Bd3 d6 8.a3 a5 9.axb4 axb4
10.Rxa8 Bxa8 11.O-O Nd7 12.Qe1 Qb8 13.c3 c5 14.Kh1 d5 15.e5 e6 16.cxb4 c4
17.Bc2 Ne7 18.Nc3 Bc6 19.Bd2 Qxb4 20.Nxd5 Qxb2 21.Nxe7 Bxf3 22.Rxf3 Qxc2
23.Bb4 Bf8 24.Ra3 Nb6 25.Ra7 c3 26.Qf1 Nc4 27.Qa1 f6 28.Rc7 Nb6 29.exf6  1-0

[Event "SVK-chT"]
[Site "?"]
[Date "1995.??.??"]
[Round "?"]
[White "Fabian, Jaroslav"]
[Black "Duriga, Stefan"]
[Result "1-0"]
[WhiteElo "2295"]
[BlackElo "2215"]

1.e4 g6 2.d4 Bg7 3.Nc3 c5 4.Nf3 Nf6 5.dxc5 Qa5 6.Bd3 Qxc5 7.O-O Nc6 8.Be3 Qa5
9.Qd2 Ng4 10.Bf4 d6 11.h3 Bxc3 12.bxc3 Nge5 13.Nxe5 dxe5 14.Bh6 Be6 15.Be2 Rd8
16.Qe3 f6 17.Rab1 Rd7 18.Rb2 Kf7 19.f4 exf4 20.Bxf4 Rc8 21.e5 f5 22.g4 Nd8
23.gxf5 Bxf5 24.e6+ Nxe6 25.Rb5 Qxc3 26.Rxf5+ gxf5 27.Bh5+ Kf6 28.Be5+  1-0

[Event "SVK-chT"]
[Site "?"]
[Date "1995.??.??"]
[Round "?"]
[White "Demeter, Peter"]
[Black "Duriga, Stefan"]
[Result "0-1"]
[WhiteElo "2335"]
[BlackElo "2255"]

1.e4 g6 2.d4 Bg7 3.Nc3 c5 4.Nf3 cxd4 5.Nxd4 Nc6 6.Be3 Nf6 7.Nb3 O-O 8.Be2 d5
9.exd5 Nb4 10.d6 Qxd6 11.Qxd6 exd6 12.O-O-O Ng4 13.Bxg4 Bxg4 14.Rxd6 Rfc8
15.Bc5 a5 16.Bxb4 axb4 17.Nd5 Bf8 18.Rb6 Be6 19.Rd1 Bxd5 20.Rxd5 Rc7 21.Na5 Rac8
22.Kd1 Rxc2 23.Rd2 Rc1+ 24.Ke2 Bh6 25.Rd4 R8c2+ 26.Kf3 Rxb2 27.Rdxb4 Rc3+
28.Ke4 Rxa2 29.Nxb7 Rxf2 30.Rb2 Re3+ 31.Kd5 Ree2 32.Rxe2 Rxe2 33.Nd6 Rxg2
34.Rb7 Rf2 35.h3 Bf8 36.Ne4 Rf3 37.h4 Rf4 38.Ng5 h6 39.Ne4 Kg7 40.Ke5 Rxh4
41.Nf6 Bd6+  0-1

[Event "American op"]
[Site "USA"]
[Date "1995.??.??"]
[Round "4"]
[White "Shaked, Tal"]
[Black "Hanken, Jerome B"]
[Result "1-0"]
[WhiteElo "2385"]
[BlackElo "2210"]

1.e4 g6 2.d4 Bg7 3.Nc3 c5 4.d5 e6 5.Nf3 exd5 6.exd5 d6 7.Bb5+ Bd7 8.O-O Bxc3
9.Bxd7+ Qxd7 10.bxc3 Qg4 11.Re1+ Kf8 12.h3 Qc4 13.Ng5 Nd7 14.Ne4 Nb6 15.Bf4 Kg7
16.Qf3 Nxd5 17.Bxd6 Qa6 18.Bxc5 Ngf6 19.Bd4 Rhe8 20.c4 Rxe4 21.Rxe4 Nc7 22.Rf4 Ne8
23.Re1 Rd8 24.Bc3  1-0

[Event "CUB-ch sf"]
[Site "Villa Clara"]
[Date "1995.??.??"]
[Round "5"]
[White "Vega, Lemay"]
[Black "Fuentes, Luis"]
[Result "1-0"]
[WhiteElo "2270"]
[BlackElo "2295"]

1.e4 g6 2.d4 Bg7 3.Nc3 c5 4.Nf3 cxd4 5.Nxd4 d6 6.Be3 Nf6 7.f3 O-O 8.Qd2 Nc6
9.O-O-O Bd7 10.h4 Rc8 11.h5 Nxh5 12.g4 Nf6 13.Bh6 e6 14.Bxg7 Kxg7 15.Qh6+ Kg8
16.Nxc6 Rxc6 17.e5 dxe5 18.g5 Nh5 19.Rxh5 gxh5 20.Bd3 f5 21.gxf6 Kf7 22.Qxh7+  1-0

[Event "AUT-chT9596"]
[Site "Vorarlberg"]
[Date "1995.??.??"]
[Round "7"]
[White "Halwachs, Siegfried"]
[Black "Eiler, Bruno"]
[Result "1/2-1/2"]
[WhiteElo "1610"]
[BlackElo "1715"]

1.e4 g6 2.Nc3 Bg7 3.d4 c5 4.Be3 Qa5 5.Nf3 Nf6 6.Bd3 c4 7.Bxc4 Nxe4 8.O-O Nxc3
9.Qd2 b5 10.Bd3 b4 11.bxc3 bxc3 12.Qc1 Nc6 13.Be4 d5 14.Bd3 O-O 15.a3 Ba6
16.Rd1 Rab8 17.Bh6 Rb2 18.Bxg7 Kxg7 19.Bxa6 Qxa6 20.Rd3 Rfb8 21.Rxc3 Qb6
22.Rb3 Rxb3 23.cxb3 Na5 24.Qe3 Nxb3 25.Rb1 Qc7 26.Qe5+ Qxe5 27.Nxe5 Rc8 28.g3 Rc3
29.Rd1 f6 30.Ng4 Rc1 31.Rxc1 Nxc1 32.Ne3 e6 33.Kf1 Nb3 34.Nc2 Kf7 35.Ke2 Ke7
36.Kd3 Kd6 37.f4 e5 38.fxe5+ fxe5 39.dxe5+ Kxe5 40.Nb4 Nc5+ 41.Ke2 Ke4 42.Nc6 a6
43.Kd2 d4 44.Nb4 Kf3 45.Nc2 d3 46.Ne3 Nb3+ 47.Kxd3 Nc1+ 48.Kd2 Nb3+ 49.Kd3 Nc1+
50.Kd2 Nb3+ 51.Kd3 Nc5+ 52.Kc4 Ne4 53.Nd5 Kg2 54.Kd4 Ng5 55.Kc5 Kxh2 56.Kb6 Kxg3
57.Kxa6 Ne6 58.Kb6 h5 59.a4 h4 60.a5 h3 61.Ne3 Kf3 62.a6 Kxe3 63.a7 Nf4 64.a8=Q g5
65.Qa3+ Kf2 66.Qb2+ Kg1 67.Qc1+ Kg2 68.Qd2+ Kg1 69.Qe1+ Kg2 70.Qe5 Kg1 71.Qf5 h2
72.Qxg5+ Ng2 73.Qc1+ Ne1 74.Qxe1+ Kg2 75.Qe2+ Kg1 76.Qg4+ Kh1 77.Qf3+ Kg1
78.Qg3+ Kh1 79.Qe1+ Kg2 80.Qe2+ Kg1 81.Qg4+ Kh1 82.Qh3 Kg1  1/2-1/2

[Event "POL-ch"]
[Site "Warsaw"]
[Date "1995.??.??"]
[Round "2"]
[White "Socko, Bartosz"]
[Black "Markowski, Tomasz"]
[Result "1-0"]
[WhiteElo "2385"]
[BlackElo "2470"]

1.e4 g6 2.d4 Bg7 3.Nc3 c5 4.Nf3 cxd4 5.Nxd4 Nc6 6.Be3 Nf6 7.Be2 O-O 8.O-O d6
9.Kh1 Bd7 10.f3 Rc8 11.Nxc6 bxc6 12.Qd2 Rb8 13.Rab1 Qa5 14.a3 Rb7 15.b4 Qc7
16.Ba6 Rbb8 17.Ne2 Bc8 18.Bd3 Nd7 19.f4 c5 20.Nc3 Bb7 21.Nb5 Qb6 22.c4 a6
23.Nc3 Bxc3 24.Qxc3 cxb4 25.Bxb6 bxc3 26.Ba7 Nc5 27.Bc2 f6 28.Kg1 Kf7 29.e5 f5
30.Rfd1 Ke6 31.exd6 exd6 32.Bxc5 dxc5 33.Rb6+ Ke7 34.Rdb1 Be4 35.Rxb8 Rxb8
36.Rxb8 Bxc2 37.Kf2 Be4 38.Ke3 Bxg2 39.Rb6 g5 40.fxg5 Be4 41.Rf6 h6 42.h4 hxg5
43.hxg5 a5 44.Ke2 a4 45.Kd1 Bd3 46.Rc6 Kf7 47.Rxc5 Kg6 48.Rc8 f4 49.Rg8+ Kf7
50.Rd8 Bxc4 51.Rd6 Be6 52.Rc6 Bb3+ 53.Kc1 c2 54.Rf6+ Kg7 55.Kd2 Kh7 56.Rxf4 Kg6
57.Rg4 Kf5 58.Rg3 Kg6 59.Rxb3 axb3 60.a4  1-0

[Event "Aarhus-ch"]
[Site "Aarhus"]
[Date "1996.??.??"]
[Round "4"]
[White "Nielsen, Uffe V"]
[Black "Pedersen, Jan"]
[Result "1/2-1/2"]
[WhiteElo "2380"]
[BlackElo "2335"]

1.e4 g6 2.d4 Bg7 3.Nc3 Nc6 4.Nge2 d6 5.Be3 e5 6.Qd2 exd4 7.Nxd4 Nf6 8.f3 Nxd4
9.Bxd4 O-O 10.O-O-O a6 11.Be3 Qe8 12.Bh6 Qe5 13.g4 b5 14.Bxg7 Kxg7 15.g5 Nh5
16.Nd5 Be6 17.Nxc7 Rac8 18.Nxa6 Bxa2 19.Nb4 Bc4 20.Qd4 f6 21.Qxe5 fxe5 22.Rxd6 Rxf3
23.Rd7+ Rf7 24.Rxf7+ Kxf7 25.Nd3 Bxd3 26.Bxd3 b4 27.b3 Nf4 28.Bc4+ Ke7 29.Rd1 Rd8
30.Bd5 Nh3 31.Kb2 Nxg5 32.Ra1 Nf3 33.h3 Ng5 34.h4 Nf3 35.Ra4 Nxh4 36.Rxb4 g5
37.Rb7+ Rd7 38.Rb6 Rd6 39.Rb7+ Rd7 40.Rb6 Rd6 41.Rb7+ Rd7  1/2-1/2

[Event "AUT-ch"]
[Site "AUT"]
[Date "1996.??.??"]
[Round "7"]
[White "Wittmann, Walter"]
[Black "Brandner, Stefan"]
[Result "1-0"]
[WhiteElo "2370"]
[BlackElo "2235"]

1.e4 g6 2.d4 Bg7 3.Nc3 Nc6 4.Be3 d5 5.exd5 Nb4 6.a3 Nxd5 7.Nxd5 Qxd5 8.Be2 Nh6
9.Bf3 Qb5 10.Ne2 Nf5 11.O-O c6 12.Qd2 Nh4 13.Be4 Bf5 14.f3 Be6 15.a4 Qa6
16.Nf4 Bc4 17.Rfe1 O-O-O 18.Qf2 Nf5 19.Bxf5+ gxf5 20.Nh5 Bf8 21.b3 Be6 22.Bf4 Rg8
23.Qe3 b6 24.c4 Qb7 25.a5 b5 26.a6 Qd7 27.d5 cxd5 28.Qc5+ Qc7 29.Qxc7+  1-0

[Event "Barcelona op"]
[Site "Barcelona"]
[Date "1996.??.??"]
[Round "?"]
[White "Vehi Bach, Victor Manuel"]
[Black "Gil Gonzales, Jose Manuel"]
[Result "1-0"]
[WhiteElo "2390"]
[BlackElo "2395"]

1.d4 g6 2.e4 Bg7 3.Nc3 Nc6 4.Be3 d6 5.Qd2 Nf6 6.f3 e5 7.d5 Ne7 8.O-O-O O-O
9.g4 Ne8 10.Nge2 c6 11.Ng3 cxd5 12.Nxd5 Nxd5 13.exd5 Nc7 14.Kb1 b5 15.h4 Bb7
16.c4 Qd7 17.h5 Rfc8 18.hxg6 fxg6 19.Qh2 Bh8 20.Bd3 Qg7 21.Ne4 bxc4 22.Bxc4 Ne8
23.Bb5 Rc7 24.Bh6 Qe7 25.Bg5 Qf8 26.Rc1 Rxc1+ 27.Bxc1 Qe7 28.Bxe8 Rxe8 29.Nxd6 Rf8
30.Bg5 Qd7 31.Nxb7 Qxb7 32.d6 Rxf3 33.Rd1 Rf7 34.Qc2 Qd7 35.Qc4 Kf8 36.Qd5 h5
37.Be7+ Ke8 38.gxh5  1-0

[Event "Schneider mem op "]
[Site "Budapest"]
[Date "1996.??.??"]
[Round "?"]
[White "Pavlin, Vladimir"]
[Black "Ionescu, Doru Alexandru"]
[Result "0-1"]
[WhiteElo "2330"]
[BlackElo "2270"]

1.e4 c5 2.Nc3 g6 3.d4 Bg7 4.dxc5 Qa5 5.Bd2 Qxc5 6.Nd5 Na6 7.Be3 Qd6 8.Bxa6 bxa6
9.Nf3 Bb7 10.O-O Bxd5 11.exd5 Bxb2 12.Rb1 Bg7 13.c4 Nf6 14.Qa4 O-O 15.g3 Rfc8
16.Rb7 e6 17.Rd1 exd5 18.cxd5 Re8 19.Bxa7 Ne4 20.Qxd7 Qf6 21.Kg2 Red8 22.Qg4 Rxa7
23.Rxa7 Nxf2 24.Kxf2 Qb6+ 25.Kg2 Qxa7 26.h4 Qe3 27.Ng5 h6 28.Qf3 Qe7 29.Ne4 Qe5
30.Rd2 f5 31.Nc5 Rc8 32.Ne6 Rc3 33.Rd3 Rc2+ 34.Kf1 Bf6 35.Nf4 Bd8 36.d6 Rc1+
37.Kg2 Qe1 38.Qd5+ Kg7 39.Ne6+ Kh7 40.Ng5+ hxg5 41.Qf7+ Kh6 42.Qf8+ Kh5 43.Qh8+ Kg4  0-1

[Event "Capablanca mem-D"]
[Site "Cienfuegos"]
[Date "1996.??.??"]
[Round "12"]
[White "Fandino, Roquelina"]
[Black "Fierro Baquero, Martha Lorena"]
[Result "1/2-1/2"]
[WhiteElo "2145"]
[BlackElo "2165"]

1.e4 g6 2.d4 Bg7 3.Nc3 c5 4.Nf3 cxd4 5.Nxd4 Nc6 6.Be3 Nf6 7.Be2 O-O 8.O-O d5
9.exd5 Nb4 10.d6 Qxd6 11.Ndb5 Qb8 12.Bc5 Nc6 13.Bf3 a6 14.Na3 Be6 15.Qe2 Nd7
16.Na4 Qf4 17.Be4 Nxc5 18.Nxc5 Bxb2 19.Nd3 Qf6 20.Nxb2 Qxb2 21.Nc4 Qb5 22.Bd3 Nd4
23.Qe4 Bxc4 24.Qxd4 Bxd3 25.cxd3 Rad8 26.Qe4 Qxd3 27.Qxb7 Rd7 28.Qb4 Rfd8
29.h3 Qd2 30.Qb3 Qd3 31.Qb4 Qb5 32.Qe4 Qd3 33.Qb4  1/2-1/2

[Event "DEN-chT9596"]
[Site "DEN"]
[Date "1996.??.??"]
[Round "6"]
[White "Andersen, Ib"]
[Black "Pedersen, Jan"]
[Result "1/2-1/2"]
[WhiteElo "2245"]
[BlackElo "2340"]

1.d4 g6 2.e4 Bg7 3.Nc3 Nc6 4.Be3 d5 5.exd5 Nb4 6.Bb5+ Bd7 7.Bc4 Bf5 8.Bb5+ Bd7
9.Bc4 Bf5 10.Bb5+ Bd7 11.Bc4  1/2-1/2

[Event "Landesliga N9596 Bayern"]
[Site "Germany"]
[Date "1996.??.??"]
[Round "?"]
[White "Pesch, Werner"]
[Black "Muenster, Manfred"]
[Result "1-0"]
[WhiteElo "2200"]
[BlackElo "1985"]

1.e4 g6 2.d4 Bg7 3.Nc3 Nc6 4.d5 Nb8 5.Be3 d6 6.Qd2 e5 7.O-O-O a6 8.f3 b5
9.Bd3 Bd7 10.g4 Qc8 11.h4 b4 12.Nce2 a5 13.Kb1 Qb7 14.h5 Bb5 15.hxg6 hxg6
16.Nh3 Nd7 17.Ng5 Rxh1 18.Rxh1 Ngf6 19.Nh7 O-O-O 20.Nxf6 Nxf6 21.c4 Be8 22.c5 c6
23.g5 Nh5 24.Rc1 Kb8 25.cxd6 Rxd6 26.Bc4 f6 27.Qc2 fxg5 28.Qa4 Bf6 29.Qxa5 Bd8
30.Qc5 Be7 31.dxc6 Bxc6 32.Qxe5 Ka8 33.Nd4 Nf6 34.Qa5+ Kb8 35.e5 Bd8 36.Qc5 Rxd4
37.Qxd4 Nd5 38.Bxd5 Bxd5 39.Rd1 Bb6 40.Qxb6  1-0

[Event "GER-ch U20 Girls"]
[Site "Halle"]
[Date "1996.??.??"]
[Round "10"]
[White "Hausmann, Ilka"]
[Black "Meissner, Claudia"]
[Result "1-0"]
[WhiteElo "2100"]
[BlackElo "2130"]

1.e4 g6 2.d4 Bg7 3.Nc3 c5 4.d5 d6 5.f4 a6 6.a4 Qa5 7.Bd2 Qc7 8.Nf3 Nd7 9.Be2 Ngf6
10.O-O O-O 11.Kh1 c4 12.Be3 Nc5 13.e5 Nfd7 14.exd6 Qxd6 15.Bxc4 Nb6 16.Ba2 Nbxa4
17.Nxa4 Nxa4 18.c3 Bd7 19.Rf2 Nc5 20.Ne5 Ne4 21.Re2 Bxe5 22.fxe5 Qxe5 23.Bd4 Qf4
24.Bb1 Nf6 25.Rxe7 Bg4 26.Qg1 b5 27.Ba2 Qd6 28.Bc5 Qf4 29.Rf1 Qa4 30.Qf2 Bf5
31.Bd4 Qxa2 32.Bxf6 Qxd5 33.Qh4 h5 34.Re5 Qd3 35.Rexf5 Rfe8 36.R5f3 Qc2 37.Qg5 Kh7
38.Bg7  1-0

[Event "Hamburg HSK"]
[Site "Hamburg"]
[Date "1996.??.??"]
[Round "5"]
[White "Socko, Bartosz"]
[Black "Fries Nielsen, Jens Ove"]
[Result "1-0"]
[WhiteElo "2445"]
[BlackElo "2425"]

1.e4 g6 2.d4 Bg7 3.Nc3 Nc6 4.d5 Nd4 5.Be3 e5 6.dxe6 dxe6 7.Qd2 c5 8.O-O-O Bd7
9.Nge2 e5 10.Nd5 Bc6 11.c3 Bxd5 12.exd5 Nf5 13.Bxc5 Bh6 14.f4 Nf6 15.Ba3 Qd7
16.g3 Ne4 17.Qe1 Ne3 18.Nd4 exd4 19.Rxd4 f5 20.Qxe3 Bg7 21.Rd1 Kf7 22.Bd3 Rhe8
23.Bxe4 Rxe4 24.Qd2 Rc8 25.Rhe1 Kg8 26.Rxe4 fxe4 27.d6 Re8 28.Bc5 b6 29.Qd5+ Kh8
30.Bd4 h6 31.Re1 Kh7 32.Rxe4  1-0